000
00185nam a22000857a 4500
999
_c
64976
_d
64973
100
_a
داکتر آدم شیخ
245
_a
مجروح سلطان پوری
260
_a
۱۴۲
942
_c
BK